NFL Highest Drafted Hall of Famer in Each Class - Statistics

General Stats
  • This quiz has been taken 67 times
  • The average score is 18 of 65
Answer Stats
Year Pick Player % Correct
1983 1 John Elway
75%
1985 1 Bruce Smith
72%
2002 24 Ed Reed
72%
1970 1 Terry Bradshaw
70%
1981 2 Lawrence Taylor
66%
1989 1 Troy Aikman
62%
1964 2 Bob Brown
58%
1988 6 Tim Brown
58%
1991 33 Brett Favre
55%
1994 2 Marshall Faulk
55%
1969 1 O.J. Simpson
55%
1975 2 Randy White
55%
1978 1 Earl Campbell
49%
1972 13 Franco Harris
45%
2001 5 LaDainian Tomlinson
45%
1998 21 Randy Moss
42%
1955 102 Johnny Unitas
40%
1997 1 Orlando Pace
40%
1987 10 Rod Woodson
40%
1977 2 Tony Dorsett
40%
1980 3 Anthony Muñoz
38%
1937 6 Sammy Baugh
38%
1944 4 Otto Graham
36%
1999 4 Edgerrin James
34%
1974 21 Lynn Swann
34%
1995 12 Warren Sapp
34%
1996 4 Jonathan Ogden
32%
1961 5 Mike Ditka
30%
1939 2 Sid Luckman
30%
1948 3 Bobby Layne
28%
1976 1 Lee Roy Selmon
28%
1957 1 Paul Hornung
28%
1967 4 Bob Griese
26%
1990 3 Cortez Kennedy
23%
1968 1 Ron Yary
23%
1954 232 Raymond Berry
21%
2000 9 Brian Urlacher
19%
1971 6 John Riggins
19%
1982 8 Mike Munchak
19%
1951 3 Y.A. Tittle
19%
1973 4 John Hannah
17%
1956 9 Lenny Moore
17%
1949 1 Chuck Bednarik
15%
1966 2 Tom Mack
13%
2003 16 Troy Polamalu
13%
1962 3 Merlin Olsen
11%
1942 1 Bill Dudley
9%
1986 96 Charles Haley
8%
1945 1 Charley Trippi
8%
1979 4 Dan Hampton
8%
1959 58 Dick LeBeau
8%
1953 11 Doug Atkins
8%
1993 8 Willie Roaf
8%
1958 10 Alex Karras
6%
1963 14 Dave Robinson
6%
1965 3 Dick Butkis
6%
1946 5 George Conner
6%
1960 3 Johnny Robinson
6%
1947 103 Dante Lavelli
4%
1950 11 Leo Nomellini
4%
1941 77 Tony Canadeo
4%
1938 6 Alex Wojciechowicz
2%
1940 2 George McAfee
2%
1936 6 Joe Stydahar
2%
1952 2 Les Richter
2%
No matching quizzes found
Score Distribution
Percent of People with Each Score
Percentile by Number Answered
Your Score History
You have not taken this quiz